| 000 | 00467cam a2200181ua 4500 | ||
|---|---|---|---|
| 020 |
_a81-224-0882-6 _cRs 135.00 |
||
| 041 |
_aeng _h |
||
| 082 |
_a658.4034 _bMUS/OP |
||
| 100 | _aMustafi, C K . | ||
| 245 |
_aOperations research / _cC K Mustafi. _hTextual Documents |
||
| 250 |
_a3 / _b. |
||
| 260 |
_aNew Delhi : _bNew Age International Ltd , _c1996. |
||
| 300 | _a455 ; . | ||
| 365 | _aRs 135.00 | ||
| 504 | _a | ||
| 942 | _cBK | ||
| 999 |
_c1540 _d1540 |
||